000 01646nam a2200457 i 4500
001 29199
003 KOSZ 005
005 20191016080513.0
008 950505s1989 us f |100 0 eng d
020 _a1853120235
020 _a1853120359
040 _cKOSZ 005
_aKOSZ 005
_dKOSZ 005/HR
046 _k1989
080 _a621.01
080 _a624.01/.07
080 _a519.61/.64
080 _a519.86
080 _a539.3/.6
245 0 _aComputer aided optimum design of structures :
_bapplications : proceedings of the first International Conference, Southampton, UK, June 1989 /
_ceds C. A. Brebbia, S. Hernandez.
260 _aSouthampton ;
_aBoston ;
_bComputational Mechanics Publications ;
_aBerlin [etc.] ;
_bSpringer,
_c1989.
300 3 _a346 s. :
_brys., wykr. ;
_c24 cm.
336 _2rdacontent
_aTekst
_btxt
337 _2rdamedia
_aBez urządzenia pośredniczącego
_bn
338 _2rdacarrier
_aWolumin
_bnc
380 _aKsiążki
380 _aPublikacje naukowe
388 _a1901-2000
388 _a1989-2000
504 _aBibliografia przy artykułach.
658 _aInżynieria i technika
650 4 _aOptymalizacja
650 4 _aAnaliza numeryczna
650 4 _aProjektowanie wspomagane komputerowo
650 4 _aKonstrukcje
650 4 _aMechanika stosowana
655 4 _aMateriały konferencyjne
700 1 _aHernández, Santiago
_d(1951- ).
_eRedakcja
700 1 _aBrebbia, Carlos Alberto
_d(1938- ).
_eRedakcja
856 _uhttp://koha.tu.koszalin.pl/cgi-bin/koha/opac-detail.pl?biblionumber=29199
_yKatalog online BPK
942 _cKS
_2UKD
999 _c29199
_d29199